000 00824nam a2200277 a 4500
001 64518
003 BD-RjUL
005 20211209081322.0
008 170215s1999 xna b 001 0 eng d
020 _a0521625777
020 _a0521623596
035 _a(BD-RjUL)64648
040 _aANB
_beng
_cANB
_dBD-RjUL
041 _aeng
082 0 0 _a994
_223
_bMAC 1999
100 1 _aMacintyre, Stuart,
_d1947-
_9191380
245 1 0 _aA concise history of Australia /
_cStuart Macintyre.
260 _aCambridge :
_bUniversity press,
_cc1999
300 _a320 p. ;
_c23 cm.
500 _aIncludes index.
504 _aBibliography: p. 147-168.
505 0 _aIncludes bibliographical references and index
650 _aAboriginal Australians
_zAustralia
_9191381
650 _aPolitics and government
_9173444
942 _2ddc
_cBK
999 _c64518
_d64518